000
00272nam a22001097a 4500
008
170118b xxu||||| |||| 00| 0 eng d
020
_a
032303716X
041
_a
eng
080
_a
618.2
245
_a
HEALTH INFORMATION FOR INTERNATIONAL TRAVEL
_c
ARGUIN, P.M
942
_2
udc
_c
BK
999
_c
3049
_d
3049